000 00702nam a2200229 u 4500
005 20240924071313.0
008 160607s2011 r 000 0 eng d
020 _a9789876720908
035 _aUPN01000211203
049 _aI
050 4 _aPZ76.3
_bD4.33
100 1 _aDelessert, Etienne,
_d1941-
_938987
245 1 0 _aFeroz /
_cEtienne Delessert ; tr. Elena Luján Odriozola.
260 _aBuenos Aires :
_bMacmillan,
_c2011.
300 _a[32] p. :
_bprincipalmente il. col.
440 0 _aTodos distintos
650 0 _aAnimales
_vCuentos y leyendas
_9234
650 4 _aLiteratura infantil
_94445
650 7 _aLibros ilustrados para niños
_2
_921365
905 _aInfantil
999 _c183304
_d183304